<?xml version="1.0" encoding="UTF-8"?>
<record
    xmlns:xsi="http://www.w3.org/2001/XMLSchema-instance"
    xsi:schemaLocation="http://www.loc.gov/MARC21/slim http://www.loc.gov/standards/marcxml/schema/MARC21slim.xsd"
    xmlns="http://www.loc.gov/MARC21/slim">

  <leader>00707nam a2200169   4500</leader>
  <controlfield tag="005">20260311112543.0</controlfield>
  <controlfield tag="008">260311b        |||||||| |||| 00| 0 eng d</controlfield>
  <datafield tag="041" ind1=" " ind2=" ">
    <subfield code="a">Marathi</subfield>
  </datafield>
  <datafield tag="082" ind1=" " ind2=" ">
    <subfield code="a">X 891 KAR B12321</subfield>
  </datafield>
  <datafield tag="100" ind1=" " ind2=" ">
    <subfield code="a">&#x915;&#x930;&#x902;&#x92C;&#x947;&#x933;&#x915;&#x930;, &#x926;&#x93F;&#x932;&#x940;&#x92A;</subfield>
    <subfield code="9">216999</subfield>
  </datafield>
  <datafield tag="245" ind1=" " ind2=" ">
    <subfield code="a">&#x935;&#x93F;&#x935;&#x947;&#x915; &#x906;&#x927;&#x941;&#x928;&#x93F;&#x915; &#x92E;&#x939;&#x93E;&#x930;&#x93E;&#x937;&#x94D;&#x91F;&#x94D;&#x930;&#x93E;&#x91A;&#x940; &#x91C;&#x921;&#x923;&#x918;&#x921;&#x923; &#x936;&#x93F;&#x932;&#x94D;&#x92A;&#x915;&#x93E;&#x930; &#x91A;&#x930;&#x93F;&#x924;&#x94D;&#x930;&#x915;&#x94B;&#x936;</subfield>
    <subfield code="b">: &#x939;&#x940; &#x917;&#x93E;&#x925;&#x93E; &#x915;&#x930;&#x94D;&#x924;&#x943;&#x924;&#x94D;&#x935;&#x93E;&#x91A;&#x940;! &#x92A;&#x94D;&#x930;&#x917;&#x932;&#x94D;&#x92D; &#x928;&#x947;&#x924;&#x943;&#x924;&#x94D;&#x935;&#x93E;&#x91A;&#x940;!</subfield>
  </datafield>
  <datafield tag="250" ind1=" " ind2=" ">
    <subfield code="a">1st 2026</subfield>
  </datafield>
  <datafield tag="260" ind1=" " ind2=" ">
    <subfield code="a">Mumbai</subfield>
    <subfield code="b">Saptahik Vivek Hindustan Prakashan Samstha</subfield>
  </datafield>
  <datafield tag="300" ind1=" " ind2=" ">
    <subfield code="a">800p</subfield>
    <subfield code="b">Pb</subfield>
  </datafield>
  <datafield tag="365" ind1=" " ind2=" ">
    <subfield code="a">Rupaye</subfield>
    <subfield code="b">1200</subfield>
    <subfield code="c">INR</subfield>
  </datafield>
  <datafield tag="942" ind1=" " ind2=" ">
    <subfield code="c">BK</subfield>
  </datafield>
  <datafield tag="999" ind1=" " ind2=" ">
    <subfield code="c">370686</subfield>
    <subfield code="d">370686</subfield>
  </datafield>
  <datafield tag="952" ind1=" " ind2=" ">
    <subfield code="0">0</subfield>
    <subfield code="1">0</subfield>
    <subfield code="2">ddc</subfield>
    <subfield code="4">0</subfield>
    <subfield code="7">0</subfield>
    <subfield code="a">BTIN</subfield>
    <subfield code="b">BTIN</subfield>
    <subfield code="d">2026-02-17</subfield>
    <subfield code="e">Hindusthan Prakashan Samstha</subfield>
    <subfield code="g">1200.00</subfield>
    <subfield code="l">0</subfield>
    <subfield code="o">X 891 KAR B12321</subfield>
    <subfield code="p">BTIN-BK-12321</subfield>
    <subfield code="r">2026-03-11 10:40:04</subfield>
    <subfield code="v">1200.00</subfield>
    <subfield code="w">2026-03-11</subfield>
    <subfield code="y">BK</subfield>
    <subfield code="z">BTIN-BK-12321</subfield>
  </datafield>
</record>
